Las raíces domésticas de la política europea de España y la presidencia de 2002 (Registro nro. 13456)
[ vista simple ]
| 000 -CABECERA | |
|---|---|
| Longitud fija campo de control | 01239nam a2200349 c 4500 |
| 001 - NÚMERO DE CONTROL | |
| Número de control | 13456 |
| 003 - IDENTIFICADOR DE NÚMERO DE CONTROL | |
| Identificador del número de control | ES-MaCES |
| 005 - FECHA Y HORA DE LA ÚLTIMA TRANSACCIÓN | |
| Fecha y hora de la última transacción | 20190511040007.0 |
| 008 - CAMPO FIJO DE DESCRIPCIÓN FIJA--INFORMACIÓN GENERAL | |
| Códigos de información de longitud fija | 020326s2001 fr o100 | spa d |
| 035 ## - NÚMERO DE CONTROL DEL SISTEMA | |
| Número de control del sistema | CES20020004150m |
| 040 ## - FUENTE DE CATALOGACIÓN | |
| Centro catalogador de origen | ES-MaCES |
| Lengua de catalogación | spa |
| Centro transcriptor | ES-MaCES |
| 100 1# - ENCABEZAMIENTO PRINCIPAL--NOMBRE PERSONAL | |
| Nombre de persona | Closa Montero, Carlos |
| 9 (RLIN) | 9728 |
| 245 14 - MENCIÓN DE TÍTULO | |
| Título | Las raíces domésticas de la política europea de España y la presidencia de 2002 |
| Mención de responsabilidad, etc. | Carlos Closa |
| 260 ## - PUBLICACIÓN, DISTRIBUCIÓN, ETC (PIE DE IMPRENTA) | |
| Lugar de publicación, distribución, etc. | Paris |
| Nombre del editor, distribuidor, etc. | Groupement d'études et de recherches "Notre Europe" |
| Fecha de publicación, distribución, etc. | 2001 |
| 300 ## - DESCRIPCIÓN FÍSICA | |
| Extensión | 52 p. |
| Dimensiones | 30 cm |
| 490 0# - MENCIÓN DE SERIE | |
| Mención de serie | Etudes et recherches |
| Designación de volumen o secuencia | 16 |
| 500 ## - NOTA GENERAL | |
| Nota general | Tít. tomado de la cub. |
| 504 ## - NOTA DE BIBLIOGRAFÍA, ETC. | |
| Nota de bibliografía, etc. | Bibliografía : p. 48-51 |
| 541 ## - NOTA DE LA FUENTE INMEDIANTE DE ADQUISICIÓN | |
| Forma de adquisición | Gratuito |
| 650 #4 - ASIENTO SECUNDARIO DE MATERIA--TÉRMINO DE MATERIA | |
| Término de materia o nombre geográfico como elemento inicial | política comunitaria |
| 9 (RLIN) | 30776 |
| 650 #4 - ASIENTO SECUNDARIO DE MATERIA--TÉRMINO DE MATERIA | |
| Término de materia o nombre geográfico como elemento inicial | papel de España |
| 9 (RLIN) | 29138 |
| 650 #4 - ASIENTO SECUNDARIO DE MATERIA--TÉRMINO DE MATERIA | |
| Término de materia o nombre geográfico como elemento inicial | comportamiento político |
| 9 (RLIN) | 27237 |
| 650 #4 - ASIENTO SECUNDARIO DE MATERIA--TÉRMINO DE MATERIA | |
| Término de materia o nombre geográfico como elemento inicial | opinión pública |
| 9 (RLIN) | 27247 |
| 653 10 - TÉRMINO DE INDEXACIÓN--NO CONTROLADO | |
| Término no controlado | Mercado Único Europeo |
| 650 #4 - ASIENTO SECUNDARIO DE MATERIA--TÉRMINO DE MATERIA | |
| 9 (RLIN) | 26752 |
| Término de materia o nombre geográfico como elemento inicial | UE |
| 650 #4 - ASIENTO SECUNDARIO DE MATERIA--TÉRMINO DE MATERIA | |
| Término de materia o nombre geográfico como elemento inicial | 2002 |
| 9 (RLIN) | 36519 |
| 710 2# - ENCABEZAMIENTO SECUNDARIO--NOMBRE CORPORATIVO | |
| Nombre de entidad o nombre de jurisdicción como elemento inicial | Groupement d'études et de recherches "Notre Europe" |
| Término indicativo de función | ed. |
| 9 (RLIN) | 3978 |
| 830 #0 - ENCABEZAMIENTO SECUNDARIO DE COLECCIÓN--TÍTULO UNIFORME | |
| Título uniforme | Etudes et recherches (Groupement d'études et de recherches "Notre Europe") |
| Designación de volumen o secuencia | 16 |
| 9 (RLIN) | 33381 |
| 902 ## - CES. TIPO DE DOCUMENTO | |
| Tipodoc (006$c Sirtex) | DOC Literatura gris |
| 942 ## - ELEMENTOS KOHA | |
| Fuente de clasificaión o esquema | Clasificación propia del CES |
| Koha [por defecto] tipo de item | Monografías |
| Parte de clasificación | 1.0. |
| Número de registro | Signatura completa | Tipo de item de Koha |
|---|---|---|
| 046651 | DOC-1.0.-53 | Monografías |
